Hlavné ciele európskej politiky kombinovanej dopravy a logistiky

Logistické centrá ako základné body dopravnej siete intermodálnej prepravy. Európska politika rozvoja kombinovanej dopravy a logistiky uvedená v Bielej knihe. Štyri hlavné ciele európskej logistiky. Industrializácia logistických služieb. Pomoc fondov Európskej únie.

Uložené v:
Podrobná bibliografia
Hlavný autor: Závodný, Peter
Médium: Kapitola
Jazyk:Slovak
Predmet:
Tagy: Pridať tag
Žiadne tagy, Buďte prvý, kto otaguje tento záznam!

MARC

LEADER 00000naa$a2200000$$$4500
001 0056087
005 20231108134017.1
041 0 |a slo 
044 |a SK 
245 1 0 |a Hlavné ciele európskej politiky kombinovanej dopravy a logistiky  |c Peter Závodný 
520 |a Logistické centrá ako základné body dopravnej siete intermodálnej prepravy. Európska politika rozvoja kombinovanej dopravy a logistiky uvedená v Bielej knihe. Štyri hlavné ciele európskej logistiky. Industrializácia logistických služieb. Pomoc fondov Európskej únie. 
610 2 0 |a doprava kombinovaná 
610 2 0 |a doprava medzinárodná 
610 2 0 |a preprava 
610 2 0 |a logistika 
610 2 0 |a terminály 
610 2 0 |a bezpečnosť 
610 2 0 |a infraštruktúra 
610 2 0 |a investície 
610 2 0 |a financovanie 
610 2 0 |a Európska únia 
100 1 |a Závodný, Peter